[Event "Titled Tuesday intern op 28th Feb Late"]
[Site "Chess.com INT"]
[Date "2023.02.28"]
[Round "10"]
[White "Souza, Gustavo Horokoski"]
[Black "Dias, Joao Batista de Sou"]
[Result "1-0"]
[WhiteElo "1943"]
[BlackElo "1796"]
[PlyCount "57"]
[EventDate "2023.02.28"]
[EventType "swiss (blitz)"]
[EventRounds "11"]
[EventCountry "USA"]
[SourceTitle "CBM 213 Extra"]
[Source "ChessBase"]
[SourceDate "2023.05.31"]
[SourceVersion "1"]
[SourceVersionDate "2023.05.31"]
[SourceQuality "1"]

1. d4 d5 2. c4 c6 3. Nc3 Nf6 4. Nf3 e6 5. Bg5 Be7 6. e3 Nbd7 7. Rc1 h6 8. Bh4 0-0 9. Qc2 dxc4 10. Bxc4 b5 11. Bd3 a6 12. a3 c5 13. dxc5 Nxc5 14. Be2 Bb7 15. b4 Nce4 16. Nxe4 Bxe4 17. Qb2 Rc8 18. 0-0 Qd5 19. Rfd1 Qf5 20. Nd4 Qg6 21. f3 Bd5 22. Bd3 Qh5 23. Bg3 e5 24. Nf5 Rxc1 25. Rxc1 Bd8 26. Bxe5 Bb6 27. Bxf6 gxf6 28. Qxf6 Qg5 29. Nxh6+ 1-0